|
|
|
|
| LEADER |
00000nam0a2200000 4500 |
| 001 |
358788 |
| 005 |
20231102011128.0 |
| 035 |
|
|
|a (RuTPU)RU\TPU\retro\16059
|
| 090 |
|
|
|a 358788
|
| 100 |
|
|
|a 20200826d1976 k y0rusy50 ca
|
| 101 |
0 |
|
|a rus
|
| 102 |
|
|
|a RU
|
| 105 |
|
|
|a a z 001zy
|
| 200 |
1 |
|
|a Вопросы рудной геофизики в Казахстане (применение комплекса геофизических методов при поисках рудных месторождений)
|e сборник научных трудов
|f Научно-производственное объединение "Геофизика" ; отв. ред. В. А. Кличников
|
| 210 |
|
|
|a Ленинград
|c [Б. и.]
|d 1976
|
| 215 |
|
|
|a 92 с.
|c ил.
|
| 320 |
|
|
|a Библиография в конце статей
|
| 606 |
1 |
|
|a Гравитационная разведка
|2 stltpush
|3 (RuTPU)RU\TPU\subj\8445
|9 35856
|
| 610 |
1 |
|
|a Казахстан
|
| 610 |
1 |
|
|a изостазия
|
| 610 |
1 |
|
|a геологические модели
|
| 610 |
1 |
|
|a подбор
|
| 610 |
1 |
|
|a итерационные алгоритмы
|
| 610 |
1 |
|
|a гравитационные наблюдения
|
| 610 |
1 |
|
|a практическое приложение
|
| 610 |
1 |
|
|a геолого-геофизические материалы
|
| 610 |
1 |
|
|a анализ
|
| 610 |
1 |
|
|a системный подход
|
| 610 |
1 |
|
|a потенциальные поля
|
| 610 |
1 |
|
|a разделение
|
| 610 |
1 |
|
|a методы осреднения
|
| 610 |
1 |
|
|a аномалии
|
| 610 |
1 |
|
|a интерпретация
|
| 675 |
|
|
|a 550.831
|v 4
|
| 702 |
|
1 |
|a Кличников
|b В. А.
|4 340
|
| 712 |
0 |
2 |
|a Научно-производственное объединение "Геофизика"
|2 stltpush
|3 (RuTPU)RU\TPU\col\10268
|9 24815
|
| 801 |
|
1 |
|a RU
|b 63413507
|c 20200826
|
| 801 |
|
2 |
|a RU
|b 63413507
|c 20210210
|g RCR
|
| 942 |
|
|
|c BK
|